Members of Lovelyz (Kpop) - Statistics

General Stats
  • This quiz has been taken 87 times
  • The average score is 6 of 8
Answer Stats
Answer % Correct
Baby Soul
91%
Kei
89%
Jisoo
88%
Jin
85%
Jiae
79%
Yein
77%
Miju
45%
Soojung
29%
No matching quizzes found
Score Distribution
Percent of People with Each Score
Percentile by Number Answered
Your Score History
You have not taken this quiz